000 00771nam a2200241 a 4500
008
020 _a0853234078 (pbk.)
049 _aMAIN
090 _aLC5256.G7
_bKEL
100 1 _aKelly, Thomas.
245 1 2 _aA history of adult education in Great Britain /
_cby Thomas Kelly.
250 _a3rd ed /
_bwith a foreword by Brian Simon.
260 _aLiverpool :
_bLiverpool University Press,
_c1992.
300 _aliv, 425 p. :
_bill. ;
_c24 cm.
500 _aIncludes index.
504 _aIncludes bibliographical references.
650 0 _aAdult education
_zGreat Britain
_xHistory.
907 _a.b10135388
_b16-04-12
_c09-09-04
003
005 20230123133822.0
040 _cNUST
942 _cBOOKS
_kLC5256.G7
_mKEL
999 _c155159
_d155159